000 00243nam a2200097Ia 4500
001 708653
005 20250826162531.0
008 250824s9999 xx 000 0 und d
245 0 _aÇİZMELİ KEDİ
_cANONİM
260 _bÇOCUK GEZEGENİ YAYINLARI
999 _c708653
_d708653